| 000 | 00715nam a22001697a 4500 | ||
|---|---|---|---|
| 003 | NUST | ||
| 082 | _a621.382,NOM | ||
| 100 |
_aNoman, Fawad Siddiq _9133077 |
||
| 245 |
_aEYE Controlled Automatic Wheelchair (ECAW) / _cFawad Siddiq Noman, Muhammad Adnan, Ammad Hassan and Arshad Kaleem (BETE-55 /TCC-30) |
||
| 260 |
_aRawalpindi _bMCS (NUST) _cJune, 2022 |
||
| 300 | _axi,22 p.; | ||
| 505 | _aIntroduction (Page-1), Literature Review (Page-11), Interfacing and Detection (Page-150, Coding for Various Function (Page-16), Conclusion (Page-20), References (Page-21). | ||
| 650 |
_aUG Project _9131132 |
||
| 651 |
_a(BETE-55 /TCC-30) _9132999 |
||
| 700 |
_aSupervised by Dr. Imran Touqeer _9133078 |
||
| 942 |
_2ddc _cPR |
||
| 999 |
_c616074 _d616074 |
||